000 00615nam a2200229Ia 4500
003 OSt
005 20221006165133.0
006 a|||||r|||| 00| 0
007 ta
008 221006b |||||||| |||| 00| 0 hin d
024 _a6,689
037 _cTextual
040 _aFML
_cFML
_bhin
041 _2hin
_ahin
082 _aNR44:g 'N, N8
100 _aHukum Chand Au.
_9679167
245 0 _aAadhunik Kal Main Shastriya Sangeet
260 _aDelhi
_bEastern Book Linkers India
_c1998
300 _a231
_ccm.
942 _hNR44:g 'N, N8
_cTEXL
_2CC
999 _c1119742
_d1119742